000
00310pab a2200121 454500
008
180718b xxu||||| |||| 00| 0 eng d
100
_a
Sezhiyan, Era
245
_a
Budget 1992-93: deception in fiscal management
650
_a
Financial Management
650
_a
Budget - India
773
_a
Janata
909
_a
21505
999
_c
21505
_d
21505